00944nam a2200229 a 450000100060000000300080000600500170001400800410003103500190007204000270009104100080011808200280012624501650015426000390031930000230035865000500038165000390043171000690047094200120053999900170055195201460056858350BD-RjUL20211209080618.0161217s1958 pk a 001 0 eng  a(BD-RjUL)58474 aDLCcDLCdBD-RjULbeng aeng00a331.09547223bREP 195810aReport of the I.L.O. Labour Survey Mission on labour problems in Pakistan, August 1952-February 1953 /cInternational Labour Organisation. Labour Survey Mission aPakistan :bPakistan press,cc1958 aix, 188 p.c19 cm. aLabor and laboring classeszPakistan.9173311 aLabor and laboring classes9173312 aInternational Labour Organisation. Labour Survey Mission9173313 2ddccBK c58350d58350 00102ddc40718NFICaRUCLbRUCLcReadingd1969-05-09eWari book cop.g2.50l0o331.09547 REP 1958r2016-12-18 00:00:00tC-1w2016-12-18yBK